000 00859nas a2200301 4500
001 BR0102940
003 BR-BrBNA
005 20231205102322.0
007 ta
008 230509b bl.|||p| |||| 00| 00por d
040 _aBR-BrBNA
_bpor
_cBiblioteca Nacional de Agricultura
041 _a(Pt)
072 _aL73
100 1 _aGenovez, M.E.
100 1 _aPortugal, M.A.S.C.
100 1 _aCalil, E.M.B.
100 1 _aCapurro, M.L.
245 1 _aQueratoconjuntivite em bovinos: relato de um surto em Sao Paulo
650 _aGado Holandes
650 _aQueratite
650 _aOlho
650 _aEpidemia
650 _aVeterinaria
650 _aSao Paulo
773 0 _tArquivos do Instituto Biologico (Brazil)
_xISSN 0020-3653
_g(Jan-Dec 1993), v. 60(1-2) p. 52-54
_wBR0102940
909 _a202311
_bLúcia
_c55
_dLúcia Elande
942 _2AGRIS
_n0
_cANA
999 _c166948
_d166948